Caricamento...

Outlines of Plant Pathology

Dettagli Bibliografici
Autore principale: STROBEL, Gary A and MATHRE, Don E
Natura: Printed Book
Pubblicazione: Newyork Van Nostrand Reinbold 1970
LEADER 00442nam a22001217a 4500
082 |a 571.92 STR/O 
100 |a STROBEL, Gary A and MATHRE, Don E 
245 |a Outlines of Plant Pathology 
260 |a Newyork  |b Van Nostrand Reinbold  |c 1970 
300 |a 465p. 
942 |2 ddc  |c BK 
999 |c 295694  |d 295694 
952 |0 0  |1 0  |4 0  |6 571_920000000000000_STR_O  |7 0  |9 336220  |a BOT  |b BOT  |c ST1  |d 2011-05-17  |i 2650  |l 1  |o 571.92 STR/O  |p BOT2650  |r 2011-09-19  |s 2011-09-19  |w 2001-12-31  |y BK